00529nam a2200169Ia 4500008004100000020001800041041000800059082001600067100002800083245002400111250000600135260005100141300001100192650001200203999001900215952012500234210716s2012 xx 000 0 und d a9788120332454 aeng a332.17 TRIN aTripathy, Nalini Prava. aFinancial services. a1 aNew DelhibPHI Learning private limited.c2012 axv,331 aFinance c208175d208175 001040708MBAaAIMITbAIMITd2013-10-10g250.00l0o332.17 TRINpMBA10741r2026-05-23 00:00:00v187.50w2021-07-16yBK